Things found...in the Garden! - Statistics

General Stats
  • This quiz has been taken 120 times
    71 since last reset
  • The average score is 10 of 28
Answer Stats
Hint Answer % Correct
F Flowers and Plants
92%
G Grass
69%
T Tools
69%
T Trees
61%
B Bugs (insects)
55%
H Hose
47%
V Vegetable Patch (Fruit Trees)
47%
F Fence
45%
S Shed (Greenhouse)
43%
B Birds
39%
W Watering Can
39%
S Soil
37%
W Wheelbarrow
37%
G Gate
29%
W Wildlife (Fox, hedgehog, squirrel)
29%
W Worms
29%
L Lawnmower
27%
P Patio
27%
P Pond
27%
B Bench (furniture)
24%
W Washing Line (Rotary Airer)
24%
B Bees
22%
G Gnome (ornaments)
22%
P Pets
22%
P Pool
22%
P Path
18%
B BBQ
16%
G Gardener
14%
No matching quizzes found
Score Distribution
Percent of People with Each Score
Percentile by Number Answered
Your Score History
You have not taken this quiz since the last reset